[Event "Asian Open Men"]
[Site "Ho Chi Minh"]
[Date "2012.05.05"]
[Round "1.4"]
[White "Wang, Chen"]
[Black "Nguyen, Ngoc Truong Son"]
[Result "1/2-1/2"]
[WhiteElo "2482"]
[BlackElo "2656"]
[PlyCount "59"]
[EventDate "2012.05.05"]
[EventRounds "9"]
[EventCountry "VIE"]

1. e4 e6 2. d4 d5 3. exd5 exd5 4. Bd3 Nc6 5. c3 Nf6 6. Bf4 Bd6 7. Ne2 O-O 8.
O-O Re8 9. Bxd6 Qxd6 10. Ng3 Ne7 11. Re1 Bg4 12. Qb3 Ng6 13. Nd2 Nf4 14. Qc2 h5
15. Nf5 Bxf5 16. Bxf5 g6 17. Bd3 Nxd3 18. Qxd3 Qb6 19. b3 Rxe1+ 20. Rxe1 Re8
21. Rxe8+ Nxe8 22. Qe3 Nf6 23. h3 Qc6 24. a4 Qe8 25. Qxe8+ Nxe8 26. g4 hxg4 27.
hxg4 Kf8 28. Kg2 Ke7 29. Kf3 g5 30. Ke3 1/2-1/2

[Event "Asian Open Men"]
[Site "Ho Chi Minh"]
[Date "2012.05.05"]
[Round "1.6"]
[White "Deepan, Chakkravarthy J"]
[Black "Gupta, Abhijeet"]
[Result "1/2-1/2"]
[WhiteElo "2461"]
[BlackElo "2644"]
[PlyCount "60"]
[EventDate "2012.05.05"]
[EventRounds "9"]
[EventCountry "VIE"]

1. Nf3 Nf6 2. d4 g6 3. Bf4 Bg7 4. e3 b6 5. Be2 Bb7 6. O-O O-O 7. c3 d6 8. h3
Nbd7 9. a4 a6 10. Nbd2 Ra7 11. Re1 Qa8 12. Bf1 Ne4 13. Nxe4 Bxe4 14. Nd2 Bb7
15. e4 Qe8 16. Qc2 Ra8 17. Bh2 e5 18. dxe5 dxe5 19. a5 b5 20. c4 c6 21. Nb3 Rc8
22. Kh1 Qe6 23. Bg1 Rfd8 24. Red1 Bf8 25. f3 Bb4 26. Rac1 Qe7 27. Be3 Nf8 28.
Qf2 Ne6 29. Bb6 Rxd1 30. Rxd1 Bd6 1/2-1/2

[Event "Asian Open Men"]
[Site "Ho Chi Minh"]
[Date "2012.05.05"]
[Round "1.8"]
[White "Nguyen, Huynh Minh Huy"]
[Black "Yu, Yangyi"]
[Result "0-1"]
[WhiteElo "2442"]
[BlackElo "2626"]
[PlyCount "66"]
[EventDate "2012.05.05"]
[EventRounds "9"]
[EventCountry "VIE"]

1. Nf3 c5 2. c4 Nc6 3. g3 g6 4. Bg2 Bg7 5. Nc3 e6 6. O-O Nge7 7. a3 O-O 8. Rb1
d5 9. cxd5 exd5 10. d3 b6 11. Bd2 d4 12. Na4 a5 13. Qc1 Be6 14. b3 Bd5 15. Bh6
Bxh6 16. Qxh6 Nf5 17. Qd2 Re8 18. Rfe1 Ra7 19. Qc2 h5 20. Nb2 h4 21. Nc4 hxg3
22. hxg3 Rae7 23. a4 Kg7 24. Qd2 Nb4 25. Rbd1 Qc7 26. Kf1 f6 27. Rc1 Ne3+ 28.
Nxe3 dxe3 29. fxe3 Rxe3 30. d4 Qxg3 31. dxc5 bxc5 32. Rc3 Bxf3 33. Bxf3 Rxc3
0-1

[Event "Asian Open Men"]
[Site "Ho Chi Minh"]
[Date "2012.05.05"]
[Round "1.9"]
[White "Zhou, Jianchao"]
[Black "Nguyen, Anh Dung"]
[Result "1/2-1/2"]
[WhiteElo "2609"]
[BlackElo "2440"]
[PlyCount "61"]
[EventDate "2012.05.05"]
[EventRounds "9"]
[EventCountry "VIE"]

1. d4 Nf6 2. c4 e6 3. Nc3 Bb4 4. e3 c5 5. Bd3 d5 6. Nf3 O-O 7. O-O cxd4 8. exd4
dxc4 9. Bxc4 Nbd7 10. Qb3 Bxc3 11. bxc3 b6 12. Ba3 Re8 13. Bb5 Bb7 14. Ne5 a6
15. Bxd7 Nxd7 16. Nxd7 Qxd7 17. Qxb6 e5 18. f3 Re6 19. Qb4 a5 20. Qc5 Rc8 21.
Qxa5 exd4 22. cxd4 Rc2 23. Qb4 h6 24. Rf2 Ree2 25. Rxe2 Rxe2 26. Rf1 Qd5 27.
Rf2 Rxf2 28. Kxf2 Qxa2+ 29. Qb2 Qxb2+ 30. Bxb2 g5 31. Ke3 1/2-1/2

[Event "Asian Open Men"]
[Site "Ho Chi Minh"]
[Date "2012.05.05"]
[Round "1.11"]
[White "Zhao, Jun"]
[Black "Lou, Yiping"]
[Result "1-0"]
[WhiteElo "2577"]
[BlackElo "2428"]
[PlyCount "67"]
[EventDate "2012.05.05"]
[EventRounds "9"]
[EventCountry "VIE"]

1. g3 d5 2. Bg2 g6 3. Nf3 Bg7 4. O-O e5 5. d3 Ne7 6. Nc3 O-O 7. e4 d4 8. Ne2 c5
9. Nd2 Nbc6 10. f4 exf4 11. gxf4 f5 12. e5 Be6 13. Nf3 Qd7 14. Bd2 Rac8 15. Qe1
Nd8 16. Ng5 Bd5 17. Qh4 h6 18. Bxd5+ Qxd5 19. Nf3 Kf7 20. b3 Ne6 21. Kf2 Rg8
22. Rg1 Qd8 23. Qh3 Bf8 24. Rg2 Rc6 25. Rag1 Qd7 26. Ng3 b5 27. Nh5 Qc8 28. Nf6
Rg7 29. Nh4 c4 30. bxc4 bxc4 31. Nxg6 Nxg6 32. Rxg6 cxd3 33. Qxf5 Rxc2 34. Nd7+
1-0

[Event "Asian Open Men"]
[Site "Ho Chi Minh"]
[Date "2012.05.05"]
[Round "1.12"]
[White "Gao, Rui"]
[Black "Gopal, G N."]
[Result "1-0"]
[WhiteElo "2427"]
[BlackElo "2562"]
[PlyCount "115"]
[EventDate "2012.05.05"]
[EventRounds "9"]
[EventCountry "VIE"]

1. e4 c5 2. Nf3 d6 3. d4 cxd4 4. Nxd4 Nf6 5. Nc3 a6 6. Bg5 Nbd7 7. Bc4 Qb6 8.
Bb3 e6 9. Bxf6 Nxf6 10. f4 e5 11. Ba4+ Ke7 12. Nde2 exf4 13. Nxf4 Qe3+ 14. Nfe2
Be6 15. Rf1 g6 16. Rf3 Qc5 17. Qd2 Bg7 18. O-O-O Qe5 19. Rdf1 Rhd8 20. Nf4 Kf8
21. Nd3 Qd4 22. Bb3 Bxb3 23. axb3 Re8 24. Qf2 Qxf2 25. R3xf2 Nxe4 26. Rxf7+ Kg8
27. Nxe4 Rxe4 28. Rxb7 Re2 29. Nf4 Bh6 30. Kd1 Re4 31. Nd3 Rae8 32. Re1 Be3 33.
Rc7 a5 34. Rc6 a4 35. b4 a3 36. bxa3 Ra8 37. Rc3 d5 38. Rb3 Bb6 39. Rxe4 dxe4
40. Nc5 Bxc5 41. bxc5 Kf7 42. c6 Rc8 43. Rc3 Rc7 44. Ke2 Ke8 45. Ke3 Kd8 46. a4
Ra7 47. c7+ Kc8 48. Rc4 Ra5 49. Kxe4 Rg5 50. Kf3 Rd5 51. Ke3 Rg5 52. g4 Rd5 53.
h4 Rd1 54. Kf4 h6 55. Ke5 Rh1 56. Kf6 Rxh4 57. Kxg6 Rh1 58. a5 1-0

[Event "Asian Open Men"]
[Site "Ho Chi Minh"]
[Date "2012.05.05"]
[Round "1.13"]
[White "Antonio, Rogelio Jr"]
[Black "Goh, Wei Ming Kevin"]
[Result "1/2-1/2"]
[WhiteElo "2557"]
[BlackElo "2426"]
[PlyCount "84"]
[EventDate "2012.05.05"]
[EventRounds "9"]
[EventCountry "VIE"]

1. e4 e6 2. d4 d5 3. Nc3 Bb4 4. e5 c5 5. a3 Bxc3+ 6. bxc3 Ne7 7. h4 Qa5 8. Bd2
Qa4 9. Nf3 Nbc6 10. Rb1 a6 11. h5 cxd4 12. cxd4 Nxd4 13. Bd3 h6 14. Kf1 Nxf3
15. Qxf3 Nf5 16. Bb4 Bd7 17. g4 Nd4 18. Qd1 Bb5 19. Kg2 Rc8 20. c3 Qxd1 21.
Rhxd1 Bxd3 22. Rxd3 Nc6 23. Bd6 b5 24. a4 Na7 25. Ra1 Rc6 26. Rf3 bxa4 27. Rxa4
Nb5 28. Bb4 Rg8 29. Kf1 g6 30. Rf6 gxh5 31. gxh5 Rg5 32. Rxh6 Rxe5 33. Rh8+ Kd7
34. h6 Rh5 35. Rh7 Ke8 36. Rh8+ Kd7 37. Rh7 Kc8 38. Rh8+ Kb7 39. Rh7 Kc8 40.
Rh8+ Kb7 41. Rh7 Kc8 42. Rh8+ Kb7 1/2-1/2

[Event "Asian Open Men"]
[Site "Ho Chi Minh"]
[Date "2012.05.05"]
[Round "1.14"]
[White "Irwanto, Sadikin"]
[Black "Jumabayev, Rinat"]
[Result "1-0"]
[WhiteElo "2419"]
[BlackElo "2556"]
[PlyCount "63"]
[EventDate "2012.05.05"]
[EventRounds "9"]
[EventCountry "VIE"]

1. d4 Nf6 2. Nf3 e6 3. c4 b6 4. g3 Ba6 5. b3 Bb4+ 6. Bd2 Be7 7. Bg2 d5 8. Ne5
O-O 9. O-O c6 10. Bc3 Nfd7 11. Nxd7 Nxd7 12. Nd2 Rb8 13. a4 Rc8 14. e4 c5 15.
exd5 exd5 16. dxc5 dxc4 17. b4 Bxc5 18. bxc5 Nxc5 19. Ne4 Qxd1 20. Rfxd1 Nb3
21. Rab1 Rcd8 22. Bb4 Rxd1+ 23. Rxd1 Rb8 24. Rd7 Nc5 25. Bxc5 bxc5 26. Nxc5 c3
27. Be4 Bc4 28. Rc7 g6 29. Nb7 Ba6 30. Nd6 Rb3 31. Nxf7 Ra3 32. Ng5 1-0

[Event "Asian Open Men"]
[Site "Ho Chi Minh"]
[Date "2012.05.05"]
[Round "1.16"]
[White "Garcia, Jan Emmanuel"]
[Black "Barbosa, Oliver"]
[Result "1/2-1/2"]
[WhiteElo "2399"]
[BlackElo "2550"]
[PlyCount "119"]
[EventDate "2012.05.05"]
[EventRounds "9"]
[EventCountry "VIE"]

1. c4 Nf6 2. Nf3 b6 3. g3 Bb7 4. Bg2 e6 5. O-O Be7 6. d4 O-O 7. Nc3 d5 8. cxd5
Nxd5 9. Nxd5 Bxd5 10. Qc2 c5 11. dxc5 Qc8 12. Ng5 g6 13. Bxd5 exd5 14. Rd1 Bxc5
15. Qd2 Qf5 16. Qf4 Qc2 17. Qd2 Qc4 18. b3 Qg4 19. Nf3 Nc6 20. Bb2 Rad8 21. Qh6
f6 22. Qh4 Qe4 23. Qxe4 dxe4 24. Ne1 e3 25. fxe3 Bxe3+ 26. Kf1 Rfe8 27. Nc2 Bd2
28. Nd4 Nxd4 29. Rxd2 Nf5 30. Rxd8 Rxd8 31. Ke1 Kf7 32. Rc1 Rd7 33. Rc6 Nd6 34.
Kf2 Ne8 35. Ke1 Rc7 36. Rxc7+ Nxc7 37. e4 Ke6 38. Ke2 Nb5 39. Kd3 Nd6 40. Kd4
h5 41. Ke3 g5 42. h3 Nf7 43. Bd4 Nd6 44. Bb2 f5 45. exf5+ Kxf5 46. Bg7 g4 47.
hxg4+ Kxg4 48. Be5 Nf5+ 49. Kf2 b5 50. Bb8 a6 51. Be5 b4 52. Bc7 Ne7 53. Ba5
Nd5 54. Kg2 Kf5 55. Kh3 Ke4 56. Kh4 Kd3 57. Kxh5 Kc2 58. g4 Kb2 59. g5 Kxa2 60.
Bxb4 1/2-1/2

[Event "Asian Open Men"]
[Site "Ho Chi Minh"]
[Date "2012.05.05"]
[Round "1.17"]
[White "Wen, Yang"]
[Black "Nezad, Husein Aziz"]
[Result "1/2-1/2"]
[WhiteElo "2550"]
[BlackElo "2393"]
[PlyCount "154"]
[EventDate "2012.05.05"]
[EventRounds "9"]
[EventCountry "VIE"]

1. d4 d5 2. c4 c6 3. Nf3 Nf6 4. Nc3 e6 5. Bg5 h6 6. Bxf6 Qxf6 7. e3 g6 8. Bd3
Bg7 9. O-O O-O 10. e4 c5 11. e5 Qd8 12. dxc5 dxc4 13. Bxc4 Nd7 14. Qe2 Qc7 15.
Rfe1 Qxc5 16. Rad1 a6 17. Ne4 Qc7 18. Nd6 b5 19. Bb3 Bb7 20. Nd4 Nxe5 21. Nxf7
Rxf7 22. Nxe6 Qc6 23. Bd5 Qb6 24. Bxb7 Qxb7 25. Nxg7 Nf3+ 26. gxf3 Kxg7 27. Rd6
Raf8 28. Qd3 Qxf3 29. Rxg6+ Kh7 30. Qxf3 Rxf3 31. Ree6 R8f4 32. Rxh6+ Kg7 33.
Reg6+ Kf7 34. Rg2 Rd3 35. h4 Rd1+ 36. Kh2 Rf3 37. Rxa6 Rdd3 38. Kh1 Rd1+ 39.
Rg1 Rd2 40. Rf1 Rxb2 41. Kg2 Rf4 42. h5 Ra4 43. Rb6 Raxa2 44. h6 Kg8 45. Rb7
Ra8 46. Kh3 Ra6 47. Rg1+ Kh8 48. Rc1 Rxh6+ 49. Kg4 Rg6+ 50. Kf5 Rg2 51. f4 Rb4
52. Rb8+ Kh7 53. Rc6 Rbb2 54. Rc7+ Rg7 55. Rcc8 Rgg2 56. Rc7+ Rg7 57. Rxg7+
Kxg7 58. Rb7+ Kg8 59. Kf6 b4 60. f5 b3 61. Rb8+ Kh7 62. Rb4 Kg8 63. Rb7 Rb1 64.
Rb8+ Kh7 65. Kf7 Rf1 66. f6 Rf3 67. Ke7 Re3+ 68. Kf8 Rc3 69. f7 Rf3 70. Rb4 Kg6
71. Re4 Kf5 72. Rb4 Ke6 73. Rb7 Kd5 74. Ke7 Kc4 75. Rb6 Rxf7+ 76. Kxf7 Kc3 77.
Rxb3+ Kxb3 1/2-1/2

[Event "Asian Open Men"]
[Site "Ho Chi Minh"]
[Date "2012.05.05"]
[Round "1.18"]
[White "Narayanan, Srinath"]
[Black "Sethuraman, S P."]
[Result "1/2-1/2"]
[WhiteElo "2383"]
[BlackElo "2546"]
[PlyCount "76"]
[EventDate "2012.05.05"]
[EventRounds "9"]
[EventCountry "VIE"]

1. e4 c5 2. Nf3 d6 3. d4 cxd4 4. Nxd4 Nf6 5. Nc3 a6 6. h3 e6 7. g4 b5 8. Bg2
Bb7 9. O-O Nfd7 10. Re1 Nc6 11. a4 b4 12. Nxc6 Bxc6 13. Nd5 a5 14. Qd4 Rc8 15.
Ne3 Nc5 16. Nc4 e5 17. Qd1 Be7 18. b3 O-O 19. f4 Nxe4 20. Bb2 Nc3 21. Bxc3 Bxg2
22. Kxg2 bxc3 23. fxe5 d5 24. Ne3 Bg5 25. Qd3 d4 26. Nf5 Qd5+ 27. Re4 g6 28.
Qxd4 Rc5 29. Qxd5 Rxd5 30. Nd4 Rfd8 31. Nf3 Be7 32. Rae1 Bb4 33. g5 Kg7 34. h4
R8d7 35. R1e2 Rd1 36. Re1 R1d5 37. R1e3 Rd1 38. Re1 R1d5 1/2-1/2

[Event "Asian Open Men"]
[Site "Ho Chi Minh"]
[Date "2012.05.05"]
[Round "1.20"]
[White "Djuraev, Sokhib"]
[Black "Salem, A R  Saleh"]
[Result "1/2-1/2"]
[WhiteElo "2375"]
[BlackElo "2528"]
[PlyCount "139"]
[EventDate "2012.05.05"]
[EventRounds "9"]
[EventCountry "VIE"]

1. e4 c5 2. Nf3 Nc6 3. d4 cxd4 4. Nxd4 Nf6 5. Nc3 d6 6. Bg5 e6 7. Qd2 a6 8.
O-O-O Be7 9. f4 Bd7 10. Nf3 b5 11. Bxf6 gxf6 12. Kb1 Qb6 13. Qe1 O-O-O 14. f5
Kb8 15. g3 b4 16. Ne2 e5 17. Nc1 Na5 18. Nb3 Bc6 19. Nxa5 Qxa5 20. Bc4 d5 21.
exd5 Rxd5 22. Qe2 Rc5 23. Nd2 Qc7 24. Rhe1 Ba4 25. b3 Bb5 26. Bxb5 Rxb5 27. Ne4
Rc8 28. Rd3 Qa5 29. Rc1 Qa3 30. c4 bxc3 31. Rdxc3 Rxc3 32. Rxc3 Rb7 33. Qc2 Qb4
34. Rc8+ Ka7 35. Qf2+ Rb6 36. Rc7+ Ka8 37. Qe3 Rb7 38. Rc6 Qb5 39. Rc8+ Rb8 40.
Rxb8+ Kxb8 41. Kc2 Qc6+ 42. Kb2 a5 43. a4 Kb7 44. Qd3 Kb6 45. h3 Bb4 46. Qc4
Qd7 47. Nxf6 Qd2+ 48. Qc2 Bc3+ 49. Kb1 Qe1+ 50. Qc1 Kc5 51. Qxe1 Bxe1 52. Nxh7
Bxg3 53. Ng5 Kd4 54. Nxf7 e4 55. Ng5 e3 56. f6 e2 57. Nf3+ Ke3 58. f7 Kxf3 59.
f8=Q+ Kg2 60. Qa8+ Kh2 61. Qxa5 e1=Q+ 62. Qxe1 Bxe1 63. Kc2 Kxh3 64. Kd3 Kg4
65. Ke4 Kg5 66. Kd5 Kf6 67. Kc6 Ke6 68. Kb6 Kd7 69. a5 Kc8 70. a6 1/2-1/2

[Event "Asian Open Men"]
[Site "Ho Chi Minh"]
[Date "2012.05.05"]
[Round "1.22"]
[White "Pham, Chuong"]
[Black "Lu, Shanglei"]
[Result "1/2-1/2"]
[WhiteElo "2349"]
[BlackElo "2522"]
[PlyCount "76"]
[EventDate "2012.05.05"]
[EventRounds "9"]
[EventCountry "VIE"]

1. d4 d5 2. c4 e6 3. Nf3 Nf6 4. e3 c6 5. Bd3 Nbd7 6. O-O dxc4 7. Bxc4 b5 8. Bd3
a6 9. a4 b4 10. e4 Bb7 11. e5 Nd5 12. Bg5 Qb8 13. Nbd2 c5 14. Re1 cxd4 15. Nc4
Bc5 16. Na5 Bb6 17. Nxb7 Qxb7 18. Bc4 h6 19. Bh4 Rc8 20. Rc1 O-O 21. Qd2 Nc5
22. Nxd4 Bd8 23. Bg3 Bg5 24. f4 Be7 25. Nf5 Rfd8 26. Bxd5 Rxd5 27. Nxe7+ Qxe7
28. Qxb4 Qd7 29. Qb6 Rd2 30. Kh1 Qd5 31. Rg1 Kh7 32. Qa7 Rc6 33. Qxf7 Qe4 34.
b4 Nxa4 35. Rxc6 Rxg2 36. Rxg2 Qb1+ 37. Rg1 Qe4+ 38. Rg2 Qb1+ 1/2-1/2

[Event "Asian Open Men"]
[Site "Ho Chi Minh"]
[Date "2012.05.05"]
[Round "1.23"]
[White "Paragua, Mark"]
[Black "Nguyen, Van Hai"]
[Result "1-0"]
[WhiteElo "2521"]
[BlackElo "2341"]
[PlyCount "115"]
[EventDate "2012.05.05"]
[EventRounds "9"]
[EventCountry "VIE"]

1. e4 e6 2. d4 d5 3. Nc3 Bb4 4. e5 b6 5. a3 Bf8 6. Nf3 Qd7 7. b4 Nc6 8. Bd3 Bb7
9. O-O O-O-O 10. Qe2 Kb8 11. Ba6 f6 12. Bxb7 Kxb7 13. exf6 gxf6 14. Re1 Re8 15.
Bf4 Bd6 16. Bd2 Bf8 17. Na4 Nh6 18. b5 Nd8 19. c4 dxc4 20. Nc3 Nf5 21. Qxc4 Kb8
22. a4 Nb7 23. a5 Nxa5 24. Qa4 Nd6 25. Ne4 Qxb5 26. Qxb5 Nxb5 27. Nxf6 Rc8 28.
Bxa5 bxa5 29. Rxa5 c6 30. Ra4 Bg7 31. Nd7+ Kc7 32. Nc5 Kb8 33. Nxe6 Bf6 34. g4
Rhg8 35. h3 Rge8 36. g5 Bh8 37. Re3 Re7 38. Ra6 Nd6 39. d5 Nc4 40. Rb3+ Nb6 41.
Ra5 cxd5 42. Nf4 d4 43. Nd5 Rb7 44. Rab5 Rc6 45. Kg2 Rd6 46. Nb4 Rbd7 47. Nd3
Rc7 48. Nd2 Rc3 49. Ne4 Rxb3 50. Rxb3 Rc6 51. f4 a5 52. Nec5 Kc7 53. Kf3 Bg7
54. Rb5 a4 55. Ra5 Kd6 56. Nxa4 Nd5 57. Nac5 Ne3 58. Ra7 1-0

[Event "Asian Open Men"]
[Site "Ho Chi Minh"]
[Date "2012.05.05"]
[Round "1.24"]
[White "Pitra, Andika"]
[Black "Megaranto, Susanto"]
[Result "0-1"]
[WhiteElo "2327"]
[BlackElo "2517"]
[PlyCount "56"]
[EventDate "2012.05.05"]
[EventRounds "9"]
[EventCountry "VIE"]

1. e4 e5 2. Nf3 Nc6 3. Bc4 Bc5 4. c3 Qe7 5. O-O d6 6. d4 Bb6 7. h3 Nf6 8. Re1
h6 9. Nbd2 g5 10. Nf1 g4 11. hxg4 Bxg4 12. Ne3 O-O-O 13. Nxg4 Nxg4 14. Bd5 Nb8
15. a4 c6 16. a5 Bc7 17. Bc4 d5 18. Bd3 f5 19. exd5 e4 20. dxc6 Nxc6 21. a6 b6
22. Qa4 Qf6 23. Bc4 Rhe8 24. Bf7 Re7 25. Ng5 hxg5 26. Bxg5 Qxg5 27. Qxc6 Rxf7
28. d5 Qf4 0-1

[Event "Asian Open Men"]
[Site "Ho Chi Minh"]
[Date "2012.05.05"]
[Round "1.26"]
[White "Sonjaya, Deni"]
[Black "Gundavaa, Bayarsaikhan"]
[Result "0-1"]
[WhiteElo "2321"]
[BlackElo "2516"]
[PlyCount "88"]
[EventDate "2012.05.05"]
[EventRounds "9"]
[EventCountry "VIE"]

1. c4 g6 2. Nc3 Bg7 3. g3 Nf6 4. Bg2 O-O 5. e4 c5 6. Nge2 Nc6 7. O-O d6 8. d3
Ne8 9. Be3 Nd4 10. h3 Rb8 11. Rb1 Nc7 12. b4 b6 13. Qc1 Re8 14. Bh6 Bh8 15. g4
Nxe2+ 16. Nxe2 cxb4 17. Rxb4 b5 18. Qa3 Bd7 19. Rc1 bxc4 20. dxc4 Bc6 21. Rcb1
Rxb4 22. Rxb4 Qa8 23. Nc3 Bd4 24. Nd5 Ne6 25. Be3 a5 26. Rb1 Qa7 27. e5 dxe5
28. Nxe7+ Rxe7 29. Bxc6 Kg7 30. Kh1 Nf4 31. h4 Qa6 32. Be4 Qf6 33. g5 Qe6 34.
Bxf4 exf4 35. Bg2 Qg4 36. Qh3 Qxh3+ 37. Bxh3 Bxf2 38. Kg2 Bxh4 39. Bg4 Bxg5 40.
Rb5 f5 41. Bf3 Rc7 42. c5 Be7 43. c6 a4 44. Kf2 Kf6 0-1

[Event "Asian Open Men"]
[Site "Ho Chi Minh"]
[Date "2012.05.05"]
[Round "1.27"]
[White "Dao, Thien Hai"]
[Black "Novita, Anjas"]
[Result "0-1"]
[WhiteElo "2514"]
[BlackElo "2304"]
[PlyCount "106"]
[EventDate "2012.05.05"]
[EventRounds "9"]
[EventCountry "VIE"]

1. d4 Nf6 2. c4 e6 3. Nc3 Bb4 4. Qc2 b6 5. a3 Bxc3+ 6. Qxc3 Bb7 7. Bg5 h6 8.
Bh4 g5 9. Bg3 Ne4 10. Qc2 h5 11. f3 h4 12. Bxc7 Qxc7 13. fxe4 Qf4 14. d5 g4 15.
Qd3 Na6 16. e3 Qf6 17. Qd4 e5 18. Qc3 Nc5 19. Qc2 Qg5 20. Kd2 a5 21. a4 d6 22.
Bd3 b5 23. axb5 a4 24. Rf1 Ke7 25. Qc3 Nb3+ 26. Ke2 h3 27. g3 Rhc8 28. Rf5 Qh6
29. Kf2 a3 30. bxa3 Rxa3 31. Bc2 Ra2 32. Ne2 Nc5 33. Ra1 Rxa1 34. Qxa1 Ra8 35.
Qb2 Bc8 36. Nc3 Bxf5 37. exf5 Qh8 38. Ne4 Nxe4+ 39. Bxe4 Qc8 40. Qe2 Qc5 41.
Qxg4 Ra2+ 42. Kf3 Qxc4 43. f6+ Kd8 44. Qg8+ Kc7 45. b6+ Kb7 46. Qxf7+ Kxb6 47.
Kg4 Qxe4+ 48. Kg5 Qxe3+ 49. Kf5 Qf3+ 50. Ke6 Rf2 51. Qf8 Qxf6+ 52. Qxf6 Rxf6+
53. Kxf6 e4 0-1

[Event "Asian Open Men"]
[Site "Ho Chi Minh"]
[Date "2012.05.05"]
[Round "1.28"]
[White "Tran, Quoc Dung"]
[Black "Cao, Sang"]
[Result "0-1"]
[WhiteElo "2303"]
[BlackElo "2513"]
[PlyCount "92"]
[EventDate "2012.05.05"]
[EventRounds "9"]
[EventCountry "VIE"]

1. d4 e6 2. c4 Nf6 3. Nf3 b6 4. g3 Ba6 5. Qa4 c5 6. Bg2 Bb7 7. O-O Be7 8. d5
exd5 9. Ne5 O-O 10. cxd5 Qc7 11. Bf4 d6 12. Nc6 Nxd5 13. Nxe7+ Qxe7 14. Bxd5
Bxd5 15. Qd1 Bc6 16. Bxd6 Qe4 17. f3 Qe3+ 18. Kg2 Re8 19. Nc3 Na6 20. Bf4 Qe7
21. Qd6 Qb7 22. Rad1 b5 23. e4 b4 24. Nb1 Re6 25. Qd2 Rae8 26. Qf2 f5 27. e5 g5
28. Bxg5 Rxe5 29. Rd8 Rxd8 30. Bxd8 Qf7 31. Qd2 Rd5 32. Qg5+ Qg6 33. Kh3 f4 34.
Qxg6+ hxg6 35. Be7 Kf7 36. Re1 Bd7+ 37. g4 Be6 38. Bh4 g5 39. Bf2 Rd3 40. Kg2
Bd5 41. h4 Rxf3 42. Re5 Rd3+ 43. Kf1 Bxa2 44. Rf5+ Ke8 45. hxg5 Rd1+ 46. Kg2
Bd5+ 0-1

[Event "Asian Open Men"]
[Site "Ho Chi Minh"]
[Date "2012.05.05"]
[Round "1.29"]
[White "Yu, Ruiyuan"]
[Black "Tu, Hoang Thai"]
[Result "1-0"]
[WhiteElo "2511"]
[BlackElo "2295"]
[PlyCount "133"]
[EventDate "2012.05.05"]
[EventRounds "9"]
[EventCountry "VIE"]

1. e4 e5 2. Nf3 d6 3. d4 Nd7 4. Nc3 Ngf6 5. Bc4 exd4 6. Nxd4 Nb6 7. Be2 c5 8.
Bb5+ Bd7 9. Nf5 a6 10. Bxd7+ Qxd7 11. Qf3 d5 12. Bg5 dxe4 13. Qf4 Nbd5 14. Nxd5
Nxd5 15. Qxe4+ Qe6 16. Qxe6+ fxe6 17. Ng3 Be7 18. Ne4 Nf6 19. Nd2 h6 20. Bh4
Rd8 21. O-O-O Ng4 22. Bg3 Bg5 23. f4 Be7 24. Nc4 b5 25. Rxd8+ Bxd8 26. Nd6+ Ke7
27. f5 exf5 28. h3 Nf6 29. Re1+ Kd7 30. Nxf5 g6 31. Nh4 Rg8 32. Nf3 Re8 33.
Ne5+ Kc8 34. Bf2 g5 35. Nf7 Rxe1+ 36. Bxe1 Ng8 37. Nxd8 Kxd8 38. Bf2 c4 39. Kd2
Kd7 40. Ke3 Ke6 41. Kd4 Nf6 42. Bg3 Nd5 43. a3 Nb6 44. Bc7 Nd7 45. g3 Nf6 46.
Bd8 Nd7 47. Bc7 Nf6 48. Ba5 Nd7 49. a4 Kd6 50. Bb4+ Ke6 51. a5 h5 52. Bd2 g4
53. hxg4 hxg4 54. Bf4 Nf6 55. Kc5 Nd5 56. Bb8 Ne3 57. Kb6 Nxc2 58. Kxa6 b4 59.
Bf4 c3 60. b3 Nd4 61. Kb6 Kd5 62. a6 Nc6 63. a7 Nxa7 64. Kxa7 Kd4 65. Kb6 c2
66. Kb5 Kc3 67. Ka4 1-0

[Event "Asian Open Men"]
[Site "Ho Chi Minh"]
[Date "2012.05.05"]
[Round "1.30"]
[White "Li, Hanbin"]
[Black "Gomez, John Paul"]
[Result "0-1"]
[WhiteElo "2289"]
[BlackElo "2507"]
[PlyCount "112"]
[EventDate "2012.05.05"]
[EventRounds "9"]
[EventCountry "VIE"]

1. e4 c5 2. Nf3 g6 3. d4 cxd4 4. Nxd4 Nc6 5. Nc3 Bg7 6. Be3 Nf6 7. Bc4 O-O 8.
f3 Qb6 9. a3 d6 10. b4 Nxd4 11. Bxd4 Qc7 12. Qd3 Be6 13. Bxe6 fxe6 14. Nb5 Qc6
15. Bb2 e5 16. O-O-O Rfd8 17. Qb3+ Kf8 18. Nc3 Rdc8 19. Kb1 Qc4 20. a4 Qxb3 21.
cxb3 h5 22. Nd5 Nxd5 23. Rxd5 Bh6 24. Bc1 Bxc1 25. Rxc1 Rxc1+ 26. Kxc1 g5 27.
Kd2 b6 28. Rd3 Ke8 29. Rc3 Kd7 30. b5 Rg8 31. Ke3 e6 32. b4 g4 33. f4 g3 34. h3
exf4+ 35. Kxf4 h4 36. Rf3 e5+ 37. Kf5 Ke7 38. Rc3 Rf8+ 39. Kg5 Rf4 40. Rc7+ Ke6
41. Rxa7 Rxe4 42. a5 Rxb4 43. axb6 Rxb5 44. Kxh4 Rxb6 45. Kxg3 d5 46. h4 d4 47.
h5 Kf5 48. Ra3 Rd6 49. Kh4 d3 50. g4+ Kf4 51. Ra1 d2 52. Rf1+ Ke4 53. Rd1 Kd3
54. g5 e4 55. h6 e3 56. h7 Rd8 0-1

[Event "Asian Open Men"]
[Site "Ho Chi Minh"]
[Date "2012.05.05"]
[Round "1.31"]
[White "Laylo, Darwin"]
[Black "Farid, Firman Syah"]
[Result "1-0"]
[WhiteElo "2502"]
[BlackElo "2285"]
[PlyCount "101"]
[EventDate "2012.05.05"]
[EventRounds "9"]
[EventCountry "VIE"]

1. d4 d6 2. Nf3 Nd7 3. c4 e5 4. Nc3 Ngf6 5. g3 Be7 6. Bg2 O-O 7. O-O c6 8. Qc2
Qc7 9. b3 Re8 10. Bb2 Bf8 11. Rac1 g6 12. e3 Bg7 13. Rfd1 exd4 14. Nxd4 Nc5 15.
Rd2 a5 16. Ba3 Bd7 17. Rcd1 Rad8 18. h3 h5 19. Re1 Bc8 20. Rdd1 Qb6 21. e4 Rd7
22. Nf3 Rdd8 23. Kh2 Nh7 24. Bb2 Qc7 25. Nh4 Bf6 26. f4 d5 27. Nxd5 cxd5 28.
Bxf6 Nxf6 29. cxd5 Na6 30. Qb2 Qb6 31. e5 Bg4 32. e6 Nxd5 33. exf7+ Kxf7 34.
Rxe8 Bxd1 35. Rxd8 Qxd8 36. Qd2 Bxb3 37. axb3 Nab4 38. Be4 Kg7 39. Bxg6 Qf6 40.
Be4 Qc3 41. Qxc3+ Nxc3 42. Bxb7 Nc2 43. Nf3 Kf6 44. Kg2 Kf5 45. Nd2 Nd4 46.
Bc8+ Kf6 47. Bb7 Kf5 48. Bf3 Kg6 49. Kf2 Na2 50. Be4+ Kf6 51. Ke3 1-0

[Event "Asian Open Men"]
[Site "Ho Chi Minh"]
[Date "2012.05.05"]
[Round "1.32"]
[White "Tran, Tuan Minh"]
[Black "Nguyen, Van Huy"]
[Result "0-1"]
[WhiteElo "2266"]
[BlackElo "2502"]
[PlyCount "74"]
[EventDate "2012.05.05"]
[EventRounds "9"]
[EventCountry "VIE"]

1. d4 Nf6 2. Nf3 d5 3. c4 e6 4. Nc3 Bb4 5. Qa4+ Nc6 6. Ne5 Bd7 7. Nxd7 Qxd7 8.
a3 Bxc3+ 9. bxc3 O-O 10. e3 a6 11. Bd3 Ne5 12. Qxd7 Nxd3+ 13. Kd2 Nxd7 14. Kxd3
b5 15. cxd5 exd5 16. a4 Nb6 17. Ba3 Rfe8 18. axb5 axb5 19. Bb4 Nc4 20. g4 f6
21. h3 Kf7 22. Rhe1 g6 23. Rxa8 Rxa8 24. e4 Ra2 25. exd5 Rd2+ 26. Ke4 Rxf2 27.
d6 c6 28. Kd3 f5 29. Re7+ Kf6 30. gxf5 gxf5 31. Re2 Rxe2 32. Kxe2 Ke6 33. Kf3
Nxd6 34. Kf4 Ne4 35. Ba5 Nf6 36. h4 Nd5+ 37. Kf3 Kf6 0-1

[Event "Asian Open Men"]
[Site "Ho Chi Minh"]
[Date "2012.05.05"]
[Round "1.33"]
[White "Torre, Eugenio"]
[Black "Bao, Khoa"]
[Result "1/2-1/2"]
[WhiteElo "2496"]
[BlackElo "2257"]
[PlyCount "138"]
[EventDate "2012.05.05"]
[EventRounds "9"]
[EventCountry "VIE"]

1. e4 c5 2. Ne2 e6 3. Nbc3 d6 4. g3 Nf6 5. Bg2 Be7 6. O-O Nc6 7. h3 a6 8. a3
O-O 9. d3 Qc7 10. g4 b5 11. Ng3 Bb7 12. Nce2 Nd4 13. c3 Nxe2+ 14. Qxe2 Nd7 15.
f4 Bh4 16. Nh1 f5 17. Bd2 Rae8 18. Be1 Bd8 19. Bg3 Qc8 20. Rae1 Bb6 21. Kh2 g6
22. Bh4 Kh8 23. Ng3 Bc7 24. Qd2 fxe4 25. dxe4 c4 26. f5 Ne5 27. Qh6 Bd8 28.
fxg6 Nxg6 29. Nh5 Qc7 30. Bg3 e5 31. Rd1 Rxf1 32. Rxf1 Bc6 33. Nf6 Re6 34. Bh4
Bxf6 35. Bxf6+ Kg8 36. Rf5 Qf7 37. Bg5 Qb7 38. Rf6 Rxf6 39. Bxf6 Qf7 40. Qg5
Bd7 41. Bd8 Kg7 42. Bb6 Qf4+ 43. Qxf4 Nxf4 44. Bc7 Kf6 45. Bxd6 Nd3 46. Kg3
Nxb2 47. h4 Nd3 48. g5+ Kg6 49. Bf1 Bc6 50. Kf3 Kh5 51. Be7 Kg6 52. Ke3 h6 53.
gxh6 Kxh6 54. Bxd3 cxd3 55. Kxd3 Kg6 56. h5+ Kxh5 57. Bf6 Kg6 58. Bxe5 Kf7 59.
Bc7 Ke6 60. Kd4 Bb7 61. e5 Bf3 62. Kc5 Be2 63. Kd4 Bf1 64. Bd8 Be2 65. Bh4 a5
66. Bd8 a4 67. Ba5 Bc4 68. Bb4 Be2 69. Bd6 Bc4 1/2-1/2